000 00944nam a2200301 4500
001 000367
003 DO-SdBNP
005 20180207123403.0
007 000367
008 160706b 1980 sp ||||| |||| 00| 0 spa d
020 _a8402074855
040 _aBPMSU
_bspa
_cBPMSU
092 _axxxxxx
_bxxxxxx
100 1 _aVerne, Jules,
_d1828-1905.
240 1 0 _aLe tour du monde en quatre-vingt jours.
_lEspañol.
245 1 0 _aLa vuelta al mundo en 80 días /
_cJulio Verne ; adaptación de Agustín Núñez ; ilustraciones de Juan Cicuéndez.
260 _aBarcelona :
_bBruguera,
_c1980.
300 _a176 p. :
_bil. ;
_c19 cm.
490 1 _aHistorias
_v5
490 1 _aBiblioteca verde
700 1 2 _aNúñez, Agustín
700 1 2 _aCicuéndez, Juan,
_eil.
830 0 _pHistorias ;
_n5
830 0 _pBiblioteca verde
942 _2ddc
_cBK
945 _aInventariado, 2018/MFF
956 _2LOPEREZ
_310
_620160706
_8BPMSU
_a00041
999 _c10728
_d10728